Religión 5

Gespeichert in:
Bibliographische Detailangaben
1. Verfasser: Figueroa Dania, Fátima Autora
Weitere Verfasser: Guerra Aguado, María Belén Autora Insausti Ramírez, Susana Salas Ximels, Antonio Autor y Director técnico y pedagógico Undabeytia Loizaga, Ramiro Ilustrador
Format: keine Angabe
Sprache:Spanisch
Erschienen: 1-León,España Everest 1995
Katalog:MANES:  Suchergebnis im Bibliothekskatalog
Schulbuchspezifische Eigenschaften:
Tags: Tag hinzufügen
Keine Tags, Fügen Sie den ersten Tag hinzu!
Hinzugefügt zu:26.04.2016

MARC

LEADER 000000000a22000000004500
001 19636
003 OSt
008 160427s sp ||||| |||| 00| 0 spa d
041 1 |a spa 
040 |c centro_manes 
691 7 |a IN 
100 1 |a Figueroa Dania, Fátima  |b Autora  |9 13902 
700 1 |a Guerra Aguado, María Belén  |b Autora  |9 13903  |a Insausti Ramírez, Susana  |9 13904  |a Salas Ximels, Antonio  |b Autor y Director técnico y pedagógico  |9 13905  |a Undabeytia Loizaga, Ramiro  |b Ilustrador  |9 13906 
245 0 0 |a Religión 5 
260 3 |a 1-León,España  |b Everest  |c 1995 
300 |a 80 p.  |c 21 x 27 cm. 
500 |a nivel: Libro para el Segundo Ciclo Infantil. 
942 |2 ddc  |c BK 
999 |c 25604  |d 25604 
999 |c manes:25604  |d 25604